书目信息 |
| 题名: |
可口可乐不规则营销
|
|
| 作者: | 理查德·洛威尔 著 ;龙文元 译 | |
| 分册: | ||
| 出版信息: | 哈尔滨 哈尔滨出版社 2004 |
|
| 页数: | 200 | |
| 开本: | 21cm | |
| 丛书名: | ||
| 单 册: | ||
| 中图分类: | F471.2 | |
| 科图分类: | ||
| 主题词: | 工业经济 , 国际贸易 | |
| 电子资源: | ||
| ISBN: | 7-80699-275-8 | |
| 000 | 00661nam0 2200205 450 | |
| 001 | 0760515518 | |
| 005 | 20070817164835.51 | |
| 010 | @a7-80699-275-8@d¥29.80 | |
| 100 | @a20070817d km y0chiy0120 ea | |
| 101 | 0 | @achi |
| 200 | 1 | @a可口可乐不规则营销@Ake kou ke yue bu gui ze ying xiao@f(美)理查德·洛威尔著@F(mei)li cha de·luo wei er zhu@g龙文元译@Glong wen yuan yi |
| 210 | @a哈尔滨@c哈尔滨出版社@d2004 | |
| 215 | @a200@d21cm | |
| 606 | 0 | @a工业经济 |
| 606 | 0 | @a国际贸易 |
| 690 | @aF471.2@v3 | |
| 701 | 0 | @a理查德·洛威尔@Ali cha de·luo wei er@4著 |
| 702 | 0 | @a龙文元@Along wen yuan@4译 |
| 801 | 0 | @aCN@bPFT@c20070817 |
| 905 | @a213230@dF471.2@eg15@f1 | |
| 可口可乐不规则营销/(美)理查德·洛威尔著/龙文元译.-哈尔滨:哈尔滨出版社,2004 |
| 200;21cm |
| ISBN 7-80699-275-8:¥29.80 |
| ● |
| 相关链接 |
|
|
|
|
正题名:可口可乐不规则营销
索取号:F471.2/g15
 
预约/预借
| 序号 | 登录号 | 条形码 | 馆藏地/架位号 | 状态 | 备注 |
| 1 | 6503330 | 265033304 | 密集书库-海洋学院/ [索取号:F471.2/g15] | 在馆 | |
| 2 | 6503331 | 265033313 | 密集书库-海洋学院/ [索取号:F471.2/g15] | 在馆 |